000 00372 a2200169 4500
001 59846
020 _a8571132186
040 _cAnchieta - Pituba
100 _aYoshida, Priscila Martins
240 1 0 _aRedação sem medo
_lpor
245 1 0 _aRedação sem medo
300 _a80
362 0 _a2006
440 1 _aPontes
650 4 _aLingüística / Textos
942 _cBK
999 _c59846
_d59846